Top 10 najmniejszych krajów w Ameryce Południowej - Statystyki

Ogólne statystyki
  • Ten quiz został rozwiązany 380 razy
  • Średni wynik to 7 z 10
Statystyki odpowiedzi
rozmiar w km2 Kraj % Poprawnych
163,270 Surinam
95%
176,220 Urugwaj
82%
214,999 Gujana
76%
283,560 Ekwador
74%
406,750 Paragwaj
73%
756,950 Chile
71%
916,445 Wenezuela
70%
1,285,220 Peru
68%
1,098,580 Boliwia
65%
1,141,748 Kolumbia
65%
Nie znaleziono quizów pasujących do podanych kryteriów
Rozkład punktacji
Procent ludzi z każdym wynikiem
Percentyl według liczby udzielonych odpowiedzi
Twoja historia wyników
Nie rozwiązałeś tego quizu